Fundamentos de pedagogía cristiana (Record no. 120114)

MARC details
000 -LEADER
campo de control de longitud fija 00708nam a2200193 4500
001 - NÚMERO DE CONTROL
campo de control 120114
003 - IDENTIFICADOR DE NÚMERO DE CONTROL
campo de control ES-MaACL
007 - CAMPO FIJO DE DESCRIPCIÓN FÍSICA--INFORMACIÓN GENERAL
campo de control de longitud fija t|
008 - DATOS DE LONGITUD FIJA--INFORMACIÓN GENERAL
campo de control de longitud fija 070214s1945 sp r ||||1| spa d
100 1# - ENTRADA PRINCIPAL--NOMBRE DE PERSONA
Nombre de persona Guerrero, Eustaquio.
9 (RLIN) 60540
245 10 - MENCIÓN DEL TÍTULO
Título Fundamentos de pedagogía cristiana
Resto del título : comentario a la encíclica `Divini illius magistri` /
Mención de responsabilidad, etc. por Eustaquio Guerrero.
260 ## - PUBLICACIÓN, DISTRIBUCIÓN, ETC.
Lugar de publicación, distribución, etc. Madrid :
Nombre del editor, distribuidor, etc. Razón y Fe,
Fecha de publicación, distribución, etc. 1945.
300 ## - DESCRIPCIÓN FÍSICA
Extensión 383 p. ;
Dimensiones 19 cm.
490 1# - MENCIÓN DE SERIE
Mención de serie Bibl. de Filosofía y Pedagogía
710 2# - ENTRADA AGREGADA--NOMBRE DE ENTIDAD CORPORATIVA
Nombre de entidad corporativa o nombre de jurisdicción como elemento de entrada Iglesia Católica.
Unidad subordinada Papa (1922-1939: Pío XI)
9 (RLIN) 4665
830 00 - PUNTO DE ACCESO ADICIONAL DE SERIE-TÍTULO UNIFORME
Título uniforme Biblioteca de filosofía y pedagogía (Razón y Fe)
9 (RLIN) 181685
852 ## - LOCALIZACIÓN
Ubicación ES-MaACL
Número de control de estantería C-8923
Sublocalización o colección R.37007
Holdings
Estatus retirado Estado de pérdida Estado de daño No para préstamo Biblioteca de origen Biblioteca actual Ubicación en estantería Fecha de adquisición Fuente de adquisición Total de préstamos Signatura topográfica completa Código de barras Visto por última vez Precio de reemplazo Tipo de ítem Koha
        Biblioteca del Ateneo de Madrid Biblioteca del Ateneo de Madrid Sala Palomar 17/01/2008     C-8923 1125199 23/02/2023 23/02/2023 Libro impreso